000 00882nam0a22002891 4500
001 v19\rc\1871734
005 20251118180500.7
035 _a(NLR Aleph) 004988085
090 _a6256208
_c6256208
100 _a20080221d1910 |||y0rusy50 ca
101 0 _arus
102 _aRU
105 _ay z |||||
200 1 _aСоциальные задачи городов
_fМ.А. Джабар
210 _aТифлис
_cтип. К.П. Козловского
_d1910
215 _a16 с.
_d26
300 _aВ конце текста: И.[!] Джабар
700 1 _aДжабар
_bМ. А.
_gМихаил Александрович
790 1 _aДжабар
_bИ.
_gИ.[!]
801 0 _aRU
_bNLR
_gpsbo
801 0 _aRU
_bRuMoRGB
_2psbo
801 1 _aRU
_bProSoft-M
_2rusmarc
852 _aNLR
_j20.87.9.32
899 _aRuMoRGB
_jU 76/285
899 _aБАН
942 _cBOOK
980 _aNB